书目信息 |
| 题名: |
英汉环境科学与工程词汇
|
|
| 作者: | 周培疆 , 严国安 , 甘复兴 主编 | |
| 分册: | ||
| 出版信息: | 北京 科学出版社 2002 |
|
| 页数: | 10, 960页 | |
| 开本: | 21cm | |
| 丛书名: | ||
| 单 册: | ||
| 中图分类: | X5-61 , X-61 | |
| 科图分类: | ||
| 主题词: | 环境科学--词汇--英语--汉语 , 环境科学 , 环境工程 , 环境工程--词汇--英语--汉语 | |
| 电子资源: | ||
| ISBN: | 7-03-009820-X | |
| 000 | 01121nam0 2200301 450 | |
| 001 | 07079000333 | |
| 005 | 20070721142026.98 | |
| 010 | @a7-03-009820-X@b精装@dCNY75.00 | |
| 100 | @a20020722e20072002em y0chiy0110 ea | |
| 101 | 0 | @achi@aeng |
| 102 | @aCN@b110000 | |
| 105 | @ay e 000yy | |
| 200 | 1 | @a英汉环境科学与工程词汇@Aying han huan jing ke xue yu gong cheng ci hui@dEnglish-Chinese Dictionary of Environmental Science and Engineering@f周培疆, 严国安, 甘复兴主编@zeng |
| 210 | @a北京@c科学出版社@d2002@h2007 | |
| 215 | @a10, 960页@d21cm | |
| 330 | @a本书共收录环境科学与工程各分支学科基础性专业词汇和环境工程常用及新开发技术、工艺、设备方面的词汇5万余条。 | |
| 510 | 1 | @aEnglish-Chinese Dictionary of Environmental Science and Engineering@zeng |
| 606 | 0 | @a环境科学@x词汇@x英语@x汉语 |
| 606 | 0 | @a环境科学 |
| 606 | 0 | @a环境工程 |
| 606 | 0 | @a环境工程@x词汇@x英语@x汉语 |
| 690 | @aX5-61@v4 | |
| 690 | @aX-61@v4 | |
| 701 | 0 | @a周培疆@Azhou pei jiang@4主编 |
| 701 | 0 | @a严国安@Ayan guo an@4主编 |
| 701 | 0 | @a甘复兴@Agan fu xing@4主编 |
| 801 | 0 | @aCN@bTAOJIN@c20070721 |
| 905 | @a10447@dX-61@e143 | |
| 英汉环境科学与工程词汇=English-Chinese Dictionary of Environmental Science and Engineering/周培疆, 严国安, 甘复兴主编.-北京:科学出版社,2002(2007) |
| 10, 960页;21cm |
| ISBN 7-03-009820-X(精装):CNY75.00 |
| 本书共收录环境科学与工程各分支学科基础性专业词汇和环境工程常用及新开发技术、工艺、设备方面的词汇5万余条。 |
| ● |
| 相关链接 |
|
|
|
|
正题名:英汉环境科学与工程词汇
索取号:X-61/143
 
预约/预借
| 序号 | 登录号 | 条形码 | 馆藏地/架位号 | 状态 | 备注 |
| 1 | 0822547 | 208225473 | 第二样本阅览室/ [索取号:X-61/143] | 在馆 | |
| 2 | 0822548 | 208225482 | 第三借阅区/ [索取号:X-61/143] | 在馆 | |
| 3 | 0822549 | 208225491 | 第三借阅区/ [索取号:X-61/143] | 在馆 | |
| 4 | 0822550 | 208225507 | 第三借阅区/ [索取号:X-61/143] | 在馆 | |
| 5 | 0822551 | 208225516 | 第三借阅区/ [索取号:X-61/143] | 在馆 |